000 00964cam a22003137a 4500
003 CHAP
005 20220817041823.0
008 971013s1986 r 00010 d
010 _a25529
011 _a26501
035 _a30602
040 _cCHAP
082 _a530
_bE55Y
100 0 0 _aEinstein, Albert.
245 1 3 _aLa evolución de la física
260 _aBarcelona :
_bSalvat,
_c1986
300 _a221 p.
_b: ilus.
590 _aBATCH-UPD
_b10
_c20130110
_lUCH01
_h0325
590 _aBATCH-UPD
_b10
_c20130110
_lUCH01
_h2322
590 _aBATCH-UPD
_b10
_c20130409
_lUCH01
_h2358
590 _aBATCH-UPD
_b10
_c20130914
_lUCH01
_h1250
590 _aCONVERSION
_b10
_c20130109
_lUCH01
_h1315
650 1 4 _aFísica.
_941975
700 0 _aInfeld, Leopold.
_958061
901 _aBK
942 _cLIBRO
949 _a530 E55Y
_bBC
_cLIBRO
_d-70923
_eLIBRO
_gI. c/e
_h69234
_i30602
_si
949 _a530 E55Y
_bBC
_cLIBRO
_d33724000988879
_eLIBRO
_fc.2
_gI. c/e
_h69235
_i30602
_si
999 _c25529
_d25529